000 01024nam a2200253Ia 4500
003 GCL
008 140319s9999 xx 000 0 ara d
040 _aGCL /
_cGCL
082 0 4 _aق
_b932
_bك ك
100 1 _aاحمد عبدالرحيم مصطفى
245 1 0 _aكفاحنا ضد الغزاة /
_cاحمد عبدالرحيم مصطفى
700 1 _aعبداللطيف احمد على
700 1 _aعبدالمنعم ابوبكر
700 1 _aمحمد مصطفى زيادة
700 1 _aمحمد عواد حسين
490 _aالهيئة العامة للاستعلامات
_v0
650 0 4 _aالتاريخ
650 0 4 _aالاستعمار
650 0 4 _aمصر القديمة - تاريخ - العصر الرومانى
650 0 4 _aمصر القديمة - تاريخ - العصر اليونانى
650 0 4 _aمصر - تاريخ - البطالمة، انظر، مصر القديمة - تاريخ - العصر اليونانى
650 0 4 _aمصر القديمة - تاريخ
942 _2ddc
_cBK
999 _c51638
_d51638